| 000 | 01115cam a2200205 4500 | ||
|---|---|---|---|
| 001 | WB3944-12 | ||
| 008 | 031118n2003 000 0 eng u | ||
| 035 | _a(Sirsi) u124363 | ||
| 245 | _aFuture of home-ownership report published | ||
| 260 | _c2003 | ||
| 490 |
_aHousing Corporation News Release _v(64/03) 13 November 2003 (3) |
||
| 520 | _aThe government Home Ownership Task Force has launched its report "A home of my own", which examines how those in housing can be helped to meet their home ownership needs in a sustainable and cost effective way. It looks at what can be done to help tenants and those on waiting lists to move into home ownership without the loss of social housing. Copies of the report can be downloaded from http://www.housingcorplibrary.org.uk/housingcorp.nsf/AllDocuments/1878DD46947B554780256DDD004B2A1C. http://www.housingcorplibrary.org.uk/housingcorp.nsf/AllDocuments/617A36447951380980256DDD00412A65 | ||
| 590 | _aWB | ||
| 650 | _aHOME OWNERSHIP | ||
| 650 | _aSUSTAINABLE HOME OWNERSHIP | ||
| 650 | _aTENANTS | ||
| 650 | _aHOUSING NEEDS | ||
| 690 | _aHOUSING | ||
| 942 | _n0 | ||
| 999 |
_c73803 _d73803 |
||